Cultural rights for a Tunisian-Spanish bridge : (Record no. 192217)

MARC details
000 -LEADER
campo de control de longitud fija 01344nam a2200313 i 4500
001 - NÚMERO DE CONTROL
campo de control 192217
003 - IDENTIFICADOR DE NÚMERO DE CONTROL
campo de control ES-MaACL
005 - FECHA Y HORA DE LA ÚLTIMA TRANSACCIÓN
campo de control 20250809042458.0
008 - DATOS DE LONGITUD FIJA--INFORMACIÓN GENERAL
campo de control de longitud fija 221119s2019 sp a 000 idspa d
020 ## - NÚMERO INTERNACIONAL ESTÁNDAR DEL LIBRO
Número Internacional Estándar del Libro 9781698571034
040 ## - FUENTE DE CATALOGACIÓN
Centro/agencia transcriptor ES-MaACL
080 ## - NÚMERO DE LA CLASIFICACIÓN DECIMAL UNIVERSAL
Número de la Clasificación Decimal Universal 341.231.14
245 00 - MENCIÓN DEL TÍTULO
Título Cultural rights for a Tunisian-Spanish bridge :
Resto del título analysis and reflections on human rights and diversity in time of growing human mobility /
Mención de responsabilidad, etc. Beatriz Barreiro Carril, Gemma Carbó Ribugent (directors) ; Costanza Piccione (coordinator).
260 ## - PUBLICACIÓN, DISTRIBUCIÓN, ETC.
Lugar de publicación, distribución, etc. [Madrid] :
Nombre del editor, distribuidor, etc. European Cultural Foundation,
Fecha de publicación, distribución, etc. 2019.
300 ## - DESCRIPCIÓN FÍSICA
Extensión 139 páginas :
Otras características físicas ilustraciones (blanco y negro) ;
Dimensiones 20 cm
500 ## - NOTA GENERAL
Nota general Índice
504 ## - NOTA DE BIBLIOGRAFÍA, ETC.
Nota de bibliografía, etc. Referencias bibliográficas
546 ## - NOTA DE IDIOMA
Nota de lengua/lenguaje Textos en inglés, italiano y español
650 #7 - PUNTO DE ACCESO ADICIONAL DE MATERIA--TÉRMINO DE MATERIA
Término de materia o nombre geográfico como elemento de entrada Derechos humanos
Fuente del encabezamiento o término embne
9 (RLIN) 11770
700 1# - ENTRADA AGREGADA--NOMBRE PERSONAL
Nombre de persona Barreiro Carril, Beatriz.
9 (RLIN) 175856
Término indicativo de función/relación Director de publicación
700 1# - ENTRADA AGREGADA--NOMBRE PERSONAL
Nombre de persona Carbó Ribugent, Gemma.
9 (RLIN) 175857
Término indicativo de función/relación Director de publicación
700 1# - ENTRADA AGREGADA--NOMBRE PERSONAL
Nombre de persona Piccione, Costanza.
9 (RLIN) 175855
Término indicativo de función/relación Editor literario
710 2# - ENTRADA AGREGADA--NOMBRE DE ENTIDAD CORPORATIVA
9 (RLIN) 235005
Nombre de entidad corporativa o nombre de jurisdicción como elemento de entrada Fundación Europea de la Cultura
852 4# - LOCALIZACIÓN
Ubicación ES-MaACL
Número de control de estantería N-8170
Anotaciones manuscritas Dedicatoria autógrafa de Beatriz Barreiro Carril
Donativo/Legado Donación: Beatriz Barreiro Carril
Ubicación en estantería Depósito J
itemnumber 199499
903 ## - NOMBRE PERSONAL DE DONANTE
9 175856
a Barreiro Carril, Beatriz
e Donante
942 ## - ELEMENTOS DE ENTRADA SECUNDARIOS (KOHA)
Tipo de ítem Koha Libro impreso
Suprimir en OPAC No
Holdings
Estatus retirado Estado de pérdida Fuente del sistema de clasificación o colocación Estado de daño No para préstamo Colección Biblioteca de origen Biblioteca actual Ubicación en estantería Fecha de adquisición Fuente de adquisición Total de préstamos Signatura topográfica completa Código de barras Visto por última vez Tipo de ítem Koha Nota pública
    Clasificación decimal universal     Libros con dedicatorias Biblioteca del Ateneo de Madrid Biblioteca del Ateneo de Madrid Depósito J 19/11/2022 Donación   N-8170 101206644 23/02/2023 Libro impreso Dedicatoria autógrafa de Beatriz Barreiro Carril